| 000 | 01036cam a2200301 a 4500 | ||
|---|---|---|---|
| 001 | 16618179 | ||
| 003 | ARRUPE | ||
| 005 | 20150422150708.0 | ||
| 008 | 110121s2010 sa ac b 001 0 eng | ||
| 010 | _a 2011371001 | ||
| 020 | _a9781869141929 (pbk.) | ||
| 020 | _a186914192X (pbk.) | ||
| 040 |
_aDLC _cDLC |
||
| 042 | _apcc | ||
| 050 | 0 | 0 |
_aDT1949.L88 _bA4 2010 |
| 100 | 1 |
_aCouper, Scott. _917495 |
|
| 245 | 1 | 0 |
_aAlbert Luthuli : _bbound by faith / _cScott Couper. |
| 260 |
_aScottsville, South Africa : _bUniversity of KwaZulu-Natal Press, _c2010. |
||
| 300 |
_axi, 291 p., [16] p. of plates : _bill., ports., ; _c23 cm. |
||
| 500 | _aIncludes index. | ||
| 504 | _aBibliography: p. 267-280. | ||
| 600 | 1 | 0 |
_aLuthuli, A. J. _q(Albert John), _d1898-1967. _98538 |
| 650 | 0 |
_aGovernment, Resistance to _zSouth Africa. _917496 |
|
| 651 | 0 |
_aSouth Africa _xPolitics and government _y20th century. _917497 |
|
| 906 |
_a7 _bcbc _corigres _d3 _encip _f20 _gy-gencatlg |
||
| 942 |
_2lcc _cMONOGRAPH |
||
| 999 |
_c122755 _d122755 |
||